In omnes epistolas et evangelia, quae in festivitatibus sanctorum in ecclesis recitantur, paraphrases et ecegeses catholicae.

Detalles Bibliográficos
Autor principal: LANSPERGIO CARTUJANO, Juan Justo
Formato: Libro
Publicado: Colonia 1558
Materias:
Colección:Banco de datos
Acervo:Biblioteca del Museo Regional de Querétaro. INAH. Querétaro
Descripción Física:t. IV
Tema general:Liturgia
Notas:Buena. Ex libris manuscritos de G. de Laguna y del Colegio Civil de Qro. 4G5, 29.
LEADER 00840nam a22002050004500
035 |a 22426 
036 |a 911 
100 1 |a LANSPERGIO CARTUJANO, Juan Justo 
245 1 0 |a In omnes epistolas et evangelia, quae in festivitatibus sanctorum in ecclesis recitantur, paraphrases et ecegeses catholicae. 
260 |a Colonia  |b Gaspar Gennepeo imp.  |c 1558 
300 |a t. IV 
500 |a Buena. Ex libris manuscritos de G. de Laguna y del Colegio Civil de Qro. 4G5, 29. 
650 1 0 |a Liturgia 
949 |a C.R.Q. 
959 |a Ex convento Grande de San Francisco de la ciudad de Querétaro, Museo Regional de Querétaro  |b CCC2 
960 |a Convento Grande de San Francisco de la ciudad de Querétaro  |b DD68 
961 |a Franciscana  |b OF 
942 |c C.R.Q. 
943 |g Biblioteca del Museo Regional de Querétaro. INAH. Querétaro 
999 |c 978742  |d 978742